| 000 | 00631nam a2200217 4500 | ||
|---|---|---|---|
| 999 |
_c13868 _d13868 |
||
| 003 | MIRAKIL | ||
| 005 | 20200812160146.0 | ||
| 008 | 200812b tu ||||| |||| 00| 0 tur d | ||
| 020 | _a9753790325 | ||
| 040 |
_aTR-AnCHP _cTR-AnCHP |
||
| 041 | _atur | ||
| 082 |
_a891.73 _bS55s 1996 |
||
| 100 | _aSimonov, Konstantin | ||
| 245 | 1 | 0 |
_aSavaşsız yirmi gün/ _cKonstantin Simonov; çeviren Ahmet Ekeş. |
| 260 |
_aİstanbul: _bEngin Yayıncılık, _c1996. |
||
| 300 |
_a287 s.: _c20 sm. |
||
| 490 | 0 | _aDünya Klasikleri Dizisi | |
| 650 | 0 |
_95112 _aRus Edebiyatı _xRoman |
|
| 700 |
_96347 _aEkeş, Ahmet _eçev. |
||
| 942 |
_2ddc _cBKS |
||